000 00829nam a22001937a 4500
001 10104
003 FISKH
005 20260408150507.0
008 260408b cb ||||| |||| 00| 0 eng d
020 _a9787802467620
040 _aFISKH
_bchi
_cFISKH
_dFISKH
082 _a895.1
100 _a袍子菌
245 _a给你们拍一寸照吧 /
_cBy 袍子菌
300 _a32 unnumbered pages :
_bcolor illustrations ;
_c25 cm .
520 _a这是一本温馨的儿童绘本,讲述了一只长颈鹿因为缺乏自信,总觉得自己不够好看,于是不断听从他人的意见去改变自己,结果反而变得混乱不堪。最终,它学会接纳真实的自己,找回自信。故事通过生动有趣的情节,引导孩子认识自我价值,建立自信心。
942 _2ddc
_cBOOK
_n0
999 _c10104
_d10104